000 01181nam a2200265 a 4500
001 82352
003 BD-RjUL
005 20240118111506.0
008 231127s2018 bg a|||| m||| 00| 0 eng d
035 _a(BD-RjUL)82352
040 _aBD-RjUL
_beng
_cBD-RjUL
_dBD-RjUL
041 _aeng
082 _223
_a615.798
_bZAS 2018
100 _aZAHAN, RONOK
_910194
245 1 0 _aSynthesis and Characterization of Some Transition Metal Complexes of NS Donor Ligands and Study of Their Biological Activities /
_cRONOK ZAHAN ;
_6Supervisor : Md. Abu Reza,Co-Supervisors : Md. Al-Amin-Al-Azadul Islam & Tarannum Naz
260 _aRajshahi :
_bDepartment of Genetic Engineering & Biotechnology, University of Rajshahi,
_c2018.
300 _a[2], xix, [1], 233 leaves :
_bill.;
_c29 cm.
502 _aThesis(Ph.D.)-- Department of Genetic Engineering & Biotechnology,University of Rajshahi,2018
504 _aBibliography : Leaves 162-190
650 _aAnticancer Drugs
_xBiological Activities
_910195
700 _aReza, Md. Abu, Supervisor
_96985
700 _aIslam, Md. Al-Amin-Al-Azadul, Co-Supervisors
_910196
700 _aNaz, Tarannum, Co-Supervisors
_910197
942 _2ddc
_cTHE
999 _c82352
_d82352